000 00585cam a22002291 4500
001 sa 68005747
003 DLC
005 20260227112511.0
008 890615m19669999ii 000 0 urdr
010 _asa 68005747
035 _a(OCoLC)19876794
040 _aDLC
_cWaU
_dDLC
042 _apremarc
050 0 0 _aBP193
_b.A54
100 1 _aAnṭākī, Muḥammad Marʻī al-Amīn,
_d1896 or 1897-
245 1 0 _aTalāsh-i manzil.
260 _c[1966- ]
300 _av.
_c19 cm.
500 _aIn Urdu.
650 0 _aShiites.
700 1 _aʻIbqātī, ʻAlī Nāṣir Saʻīd.
999 _c80929
_d80929